| 000 | 00585nam a22001817a 4500 | ||
|---|---|---|---|
| 020 | _a9789388313308 | ||
| 082 |
_a615.1 _bWHA |
||
| 100 |
_aWhalen, Karen _9113343 |
||
| 245 |
_aLippincott Illustrated Reviews : _bPharmacology / _cKaren Whalen |
||
| 260 |
_aPhiladelphia : _bWolters Kluwer, _c2019. |
||
| 300 |
_a593 p, ; _bIndex. I-22, _c28 cm. |
||
| 563 | _aPBK. | ||
| 650 |
_aPharmacology _9113344 |
||
| 650 |
_aMEDICAL / Pharmacology _9113345 |
||
| 650 |
_aMEDICAL / Test Preparation & Review _9113346 |
||
| 700 |
_aFinkel, Richard; Panavelil, Thomas A. _9113347 |
||
| 942 |
_2ddc _cBK |
||
| 999 |
_c595096 _d595096 |
||